Indian women in the house of fiction (Record no. 6228)

MARC details
000 -LEADER
fixed length control field 00520nam a2200181Ia 4500
020 ## - INTERNATIONAL STANDARD BOOK NUMBER
ISBN 9788189884109
082 ## - DEWEY DECIMAL CLASSIFICATION NUMBER
Classification number 305.420954 CHA-I
100 ## - MAIN ENTRY--AUTHOR NAME
Personal name Chanda, Geetanjali Singh
245 #0 - TITLE STATEMENT
Title Indian women in the house of fiction
260 ## - PUBLICATION, DISTRIBUTION, ETC. (IMPRINT)
Place of publication New Delhi
Name of publisher Zubaan
Year of publication 2008
300 ## - PHYSICAL DESCRIPTION
Number of Pages x, 348
504 ## - BIBLIOGRAPHY, ETC. NOTE
Bibliography, etc includes bibliography
650 ## - SUBJECT ADDED ENTRY--TOPICAL TERM
Topical Term Women
Form subdivision Social conditions
Geographic subdivision India
650 ## - SUBJECT ADDED ENTRY--TOPICAL TERM
Topical Term Housewives
Form subdivision Social conditions
Geographic subdivision India
650 ## - SUBJECT ADDED ENTRY--TOPICAL TERM
Topical Term Women
Form subdivision History
Geographic subdivision India
650 ## - SUBJECT ADDED ENTRY--TOPICAL TERM
Topical Term Women
Form subdivision Socialogical aspects
Geographic subdivision India
942 ## - ADDED ENTRY ELEMENTS (KOHA)
Koha item type Books
Holdings
Withdrawn status Lost status Damaged status Not for loan Home library Current library Date acquired Source of acquisition Bill Date Full call number Accession Number Price effective from Koha item type
        NASSDOC Library NASSDOC Library 04/11/2008 PATHAK 2008-09-10 305.420954 CHA-I 44710 18/04/2019 Books